[Event "Lisboa zt"]
[Site "Lisboa"]
[Date "1993.??.??"]
[Round "4"]
[White "Illescas Cordoba, Miguel"]
[Black "Damaso, Rui"]
[Result "1-0"]
[WhiteElo "2615"]
[BlackElo "2435"]

1.Nf3 Nf6 2.c4 e6 3.Nc3 Bb4 4.Qc2 c5 5.a3 Ba5 6.g3 Nc6 7.Bg2 d5 8.Na4 b6
9.cxd5 Qxd5 10.b4 Nd4 11.Qb2 Nxe2 12.Nc3 Nxc3 13.dxc3 Ba6 14.Be3 Rd8 15.bxa5 O-O
16.Rg1 bxa5 17.c4 Qf5 18.Qb1 Rd3 19.Nh4 Qe5 20.Qxd3 Qxa1+ 21.Qd1 Qxa3 22.Qc1 Qb3
23.Nf3 Ng4 24.Bxc5 Rc8 25.Nd2 Qd3 26.Be4 Qd7 27.Qa3 Ne5 28.f4 Rd8 29.Be3 Ng4
30.h3 Nf6 31.Bf3 Bb7 32.Kf2 Bxf3 33.Nxf3 Qc6 34.c5 Ne4+ 35.Kg2 Nd2 36.Bf2 e5
37.fxe5 Nc4 38.Qc3 Qe4 39.Re1 Qd5  1-0

[Event "Lisboa zt"]
[Site "Lisboa"]
[Date "1993.??.??"]
[Round "11"]
[White "Santos, Antonio P"]
[Black "Illescas Cordoba, Miguel"]
[Result "0-1"]
[WhiteElo "2285"]
[BlackElo "2615"]

1.d4 Nf6 2.c4 e6 3.Nf3 d5 4.Nc3 Bb4 5.e3 O-O 6.Bd3 c5 7.O-O Nc6 8.a3 Bxc3
9.bxc3 Qc7 10.Bb2 dxc4 11.Bxc4 e5 12.Nxe5 Nxe5 13.dxe5 Qxe5 14.Qf3 Bd7 15.Qg3 Qxg3
16.hxg3 Ba4 17.f3 Rfd8 18.Rf2 b5 19.Bf1 c4 20.e4 h5 21.Re1 Nd7 22.Bc1 Nc5
23.Be3 Nd3 24.Bxd3 cxd3 25.Rd2 Bc2 26.Kf2 a5 27.Rh1 g6 28.Bg5 Rd6 29.g4 hxg4
30.e5 Re6 31.f4 Rc8 32.g3 f6 33.Bxf6 Rxf6 34.exf6 Rxc3 35.Ke3 Kf7 36.f5 gxf5
37.Kf4 Kg6 38.f7 Rc4+ 39.Ke5 Re4+ 40.Kd6 Kxf7 41.Rh7+ Kf6 42.Rh6+ Kg7 43.Rdh2 Bb3
44.Rh7+ Kf8 45.Rb7 Bf7 46.Rd2 Bc4 47.Rh2 Re8 48.Rh8+ Bg8 49.Rd7 b4 50.axb4 axb4
51.Rh6 Re4 52.Kc5 b3 53.Rb6 Rc4+ 54.Kb5 Rc8 55.Kb4 Be6 56.Rxd3 Kf7 57.Re3 Rc4+
58.Ka3 Re4 59.Rc3 Re2 60.Rc7+ Kf6 61.Rcc6 Re3 62.Kb2 f4 63.gxf4 Kf5 64.Rb4 Re2+
65.Kc1 g3 66.Rc5+ Kf6  0-1

[Event "Oviedo rapid"]
[Site "Oviedo"]
[Date "1993.??.??"]
[Round "9"]
[White "Azmaiparashvili, Zurab"]
[Black "Illescas Cordoba, Miguel"]
[Result "1/2-1/2"]
[WhiteElo "2630"]
[BlackElo "2625"]

1.g3 e5 2.Bg2 d5 3.d3 Nf6 4.Nf3 Bd6 5.O-O O-O 6.Nbd2 c6 7.e4 Nbd7 8.Qe2 Re8
9.a4 a5 10.Nb3 b6 11.Rd1 Ba6 12.Qe1 Qc7 13.Nh4 Nc5 14.Nxc5 Bxc5 15.h3 dxe4
16.dxe4 Nd7 17.Nf5 Rad8 18.Bf1 Bxf1 19.Kxf1 Bf8 20.Be3 Nc5 21.Bxc5 Bxc5 22.Qe2 g6
23.Nh4 Rxd1+ 24.Rxd1 Rd8 25.Nf3 Rxd1+ 26.Qxd1 Kg7 27.Qd3 Qe7 28.Kg2 Qe6 29.b3 Qd6
30.Qxd6 Bxd6 31.Ne1 h5 32.Nd3 f5 33.Kf3 Kf6 34.Ke3 Kg5 35.f3 Kf6 36.exf5 gxf5
37.g4 e4 38.Nb2 Bc5+ 39.Ke2 hxg4 40.hxg4 exf3+ 41.Kxf3 fxg4+ 42.Kxg4 Ke5
43.Kf3 Kd4 44.Nd1 b5 45.axb5 cxb5 46.Ke2 Bb4 47.Nf2 a4 48.bxa4 bxa4 49.Kd1 Ba3
50.Kd2 Bb2 51.Nd3 a3 52.c3+ Bxc3+ 53.Kc2  1/2-1/2

[Event "ESP-chT"]
[Site "Cala Galdana"]
[Date "1994.??.??"]
[Round "?"]
[White "Illescas Cordoba, Miguel"]
[Black "Bernal Caaman, Jose Luis"]
[Result "1/2-1/2"]
[WhiteElo "2590"]
[BlackElo "2270"]

1.d4 Nf6 2.c4 g6 3.g3 Bg7 4.Bg2 O-O 5.Nf3 c6 6.O-O d6 7.Nc3 Qa5 8.h3 e5 9.e4 Nbd7
10.Re1 exd4 11.Nxd4 Re8 12.Rb1 Ne5 13.Bf1 Be6 14.b4 Qc7 15.f4 Ned7 16.Be3 a5
17.a3 axb4 18.axb4 h5 19.Bf2 Nf8 20.Qd2 Bd7 21.c5 dxc5 22.bxc5 Ne6 23.e5 Nd5
24.Nxd5 cxd5 25.Nb5 Bxb5 26.Rxb5 h4 27.g4 g5 28.fxg5 Bxe5 29.g6 Bg3 30.gxf7+ Qxf7
31.Bxg3 hxg3 32.Rb3 Nxc5 33.Rxe8+ Rxe8 34.Qg5+ Kh7 35.Qh4+ Kg8 36.Qg5+ Kh7
37.Qh4+  1/2-1/2

[Event "Linares NL"]
[Site "Linares"]
[Date "1994.??.??"]
[Round "9"]
[White "Illescas Cordoba, Miguel"]
[Black "Hernandez, Gilberto"]
[Result "1-0"]
[WhiteElo "2600"]
[BlackElo "2510"]

1.e4 c5 2.Nf3 d6 3.d4 cxd4 4.Nxd4 Nf6 5.Nc3 Nc6 6.Be2 e5 7.Nf3 h6 8.O-O Be7
9.Re1 O-O 10.h3 Be6 11.Bf1 Nb8 12.a4 Nbd7 13.a5 a6 14.b3 Rc8 15.Bb2 Qc7 16.Nd2 Qc6
17.Nc4 Nxe4 18.Rxe4 d5 19.Nxe5 Nxe5 20.Rxe5 Bf6 21.Na4 Bxe5 22.Bxe5 Qxc2
23.Qxc2 Rxc2 24.Bd3 Rc6 25.b4 Bc8 26.Bd4 Re8 27.f3 Rc7 28.Nc5 f6 29.Kf2 Kf7
30.h4 h5 31.Rb1 Rce7 32.b5 axb5 33.Rxb5 Rc7 34.Rb6 Rd8 35.f4 Re7 36.f5 Rc7
37.Ne6 Bxe6 38.fxe6+ Ke7 39.Bb2 Rc6 40.Rxb7+ Kxe6 41.a6 g5 42.a7 Ra8 43.Bd4 Kd6
44.Rb8 Rc8 45.Rxc8  1-0

[Event "Madrid"]
[Site "Madrid"]
[Date "1994.??.??"]
[Round "7"]
[White "San Segundo, Pablo"]
[Black "Illescas Cordoba, Miguel"]
[Result "1/2-1/2"]
[WhiteElo "2470"]
[BlackElo "2590"]

1.d4 Nf6 2.c4 g6 3.Nc3 Bg7 4.e4 d6 5.h3 O-O 6.Nf3 e5 7.d5 Na6 8.Bg5 Qe8 9.g4 Nd7
10.Qd2 Ndc5 11.O-O-O Bd7 12.Be3 f5 13.gxf5 gxf5 14.exf5 Bxf5 15.Rg1 Kh8 16.Nh4 Ne4
17.Nxe4 Bxe4 18.Rg4 Bf3 19.Nxf3 Rxf3 20.Bd3 Rxh3 21.Rdg1 Bf6 22.Bf5 Qh5 23.Rg5 Bxg5
24.Bxg5 Rf8 25.Bxh3 Qxh3 26.Bh6 Rf5 27.Bg7+ Kg8 28.Bxe5+ Kf8 29.Bg7+ Kf7
30.Bc3 Nc5 31.Qd4 Nd3+ 32.Kb1 Ne5 33.f4 Qd3+ 34.Qxd3 Nxd3 35.Rg7+ Ke8 36.Rxh7 Kd8
37.Rh3 Nc5 38.Bd2 b5 39.b3 bxc4 40.bxc4 Ne4 41.Rh8+ Kd7 42.Be3 Nf6 43.Rf8 Ke7
44.Ra8 Nh5 45.Rxa7 Kd8 46.Bd2 Nxf4 47.Ba5 Rf7 48.Ra8+ Kd7 49.Bxc7 Nxd5 50.cxd5  1/2-1/2

[Event "Moscow ol (Men)"]
[Site "Moscow"]
[Date "1994.??.??"]
[Round "11"]
[White "Nogueiras, Jesus"]
[Black "Illescas Cordoba, Miguel"]
[Result "1/2-1/2"]
[WhiteElo "2530"]
[BlackElo "2590"]

1.c4 e5 2.g3 Nf6 3.Bg2 c6 4.d4 Bb4+ 5.Bd2 Bxd2+ 6.Qxd2 d6 7.Nc3 Qe7 8.e3 O-O
9.Nge2 Na6 10.h3 Re8 11.O-O Be6 12.b3 Rad8 13.Rae1 Bc8 14.g4 h6 15.Ng3 Nh7
16.f4 Qh4 17.Qf2 Nb4 18.Rd1 exf4 19.exf4 Nf6 20.Nge4 Qxf2+ 21.Rxf2 Nxe4 22.Bxe4 f5
23.gxf5 d5 24.cxd5 Nxd5 25.Bxd5+ cxd5 26.Re2 Rxe2 27.Nxe2 Bxf5 28.Kg2 Be4+
29.Kf2 Bf5 30.h4 Bg4 31.Rg1 Bxe2 32.Kxe2 Re8+ 33.Kf3 Re4 34.Rc1 Rxd4 35.Rc8+  1/2-1/2

[Event "Catalunya-chT"]
[Site "ESP"]
[Date "1995.??.??"]
[Round "?"]
[White "Comas Fabrego, Luis"]
[Black "Illescas Cordoba, Miguel"]
[Result "1/2-1/2"]
[WhiteElo "2490"]
[BlackElo "2595"]

1.d4 d5 2.c4 c6 3.Nf3 Nf6 4.Nc3 e6 5.Bg5 dxc4 6.e4 b5 7.a4 Bb7 8.axb5 cxb5
9.Nxb5 Bxe4 10.Bxf6 Bb4+ 11.Nc3 Qxf6 12.Be2 O-O 13.O-O Bb7 14.Ne5 Rd8 15.Qa4 Qe7
16.Bxc4 Rxd4 17.Rad1 Rxd1 18.Rxd1 Bd6 19.Nxf7 Kxf7 20.Re1 Bc6  1/2-1/2

[Event "Linares zt"]
[Site "Linares"]
[Date "1995.??.??"]
[Round "4"]
[White "Ribeiro, Fernando"]
[Black "Illescas Cordoba, Miguel"]
[Result "0-1"]
[WhiteElo "2305"]
[BlackElo "2620"]

1.e4 c5 2.Nf3 e6 3.d3 d5 4.Nbd2 Nc6 5.g3 Nf6 6.Bg2 Be7 7.O-O b6 8.Re1 Bb7
9.c3 Qc7 10.h4 h6 11.e5 Nd7 12.Qe2 g5 13.hxg5 hxg5 14.g4 O-O-O 15.Nf1 Rdg8
16.a3 c4 17.dxc4 dxc4 18.Qxc4 Nc5 19.b4 Ba6 20.b5 Na5 21.Qe2 Bb7 22.Be3 Nd7
23.Bd4 Nf8 24.N3d2 Bxg2 25.Kxg2 Ng6 26.Qe4 Nf4+ 27.Kf3 Kb8 28.Ng3 Rc8 29.Rh1 Rxh1
30.Rxh1 Bxa3 31.Rh7 Bc5 32.Ne2 Ng6 33.Kg3 Bxd4 34.cxd4 Qc2 35.Qe3 Nf4 36.Rxf7 Nd5
37.Qxg5 Qd3+ 38.Nf3 Qxe2 39.Qh6 Nc7 40.g5 Qxb5 41.g6 Qe8 42.Ng5 Nc6 43.g7 Nxd4
44.Kg4 Qa4 45.Qh8 Nf5+ 46.Kh3 Nxg7 47.Qxg7 a5 48.f3 Qe8 49.Kg4 a4 50.Re7 Qc6
51.Qf7 a3 52.Nxe6 Qc4+ 53.f4 a2 54.Nxc7 Qxf7 55.Na6+ Ka8 56.Rxf7 a1=Q 57.Nc7+ Kb8
58.Ne6 Qd1+ 59.Kf5 b5 60.Kf6 b4  0-1

[Event "Linares zt"]
[Site "Linares"]
[Date "1995.??.??"]
[Round "11"]
[White "Van Wely, Loek"]
[Black "Illescas Cordoba, Miguel"]
[Result "1/2-1/2"]
[WhiteElo "2585"]
[BlackElo "2620"]

1.d4 d5 2.Nf3 Nf6 3.c4 c6 4.Nc3 e6 5.Bg5 h6 6.Bxf6 Qxf6 7.e3 Nd7 8.Bd3 dxc4
9.Bxc4 g6 10.O-O Bg7 11.Re1  1/2-1/2

[Event "Madrid"]
[Site "Madrid"]
[Date "1995.??.??"]
[Round "2"]
[White "San Segundo, Pablo"]
[Black "Illescas Cordoba, Miguel"]
[Result "1/2-1/2"]
[WhiteElo "2480"]
[BlackElo "2595"]

1.d4 Nf6 2.c4 c5 3.d5 b5 4.cxb5 a6 5.f3 d6 6.e4 g6 7.Na3 Bg7 8.Ne2 axb5 9.Nxb5 O-O
10.Nec3 Na6 11.Be2 Nc7 12.O-O Nxb5 13.Bxb5 Ba6 14.a4 Bxb5 15.Nxb5 Nd7 16.Ra3 Nb6
17.b3 Qd7 18.Bd2 Qxb5 19.axb5 Rxa3 20.Be3 Rfa8 21.f4 R8a5 22.b4 Rxb5 23.bxc5 Rxe3
24.cxb6 Rxe4 25.Qc2 Reb4 26.Qc8+ Bf8 27.Ra1 Rb1+ 28.Rxb1 Rxb1+ 29.Kf2 Rxb6
30.g4 Rb5 31.Qc4 Rc5 32.Qe4  1/2-1/2

[Event "Madrid"]
[Site "Madrid"]
[Date "1995.??.??"]
[Round "8"]
[White "Short, Nigel D"]
[Black "Illescas Cordoba, Miguel"]
[Result "1-0"]
[WhiteElo "2655"]
[BlackElo "2595"]

1.e4 c5 2.Nf3 Nc6 3.d4 cxd4 4.Nxd4 Nf6 5.Nc3 e5 6.Ndb5 d6 7.Bg5 a6 8.Na3 b5
9.Bxf6 gxf6 10.Nd5 Bg7 11.c3 f5 12.exf5 Bxf5 13.Nc2 Be6 14.g3 O-O 15.Bg2 Rb8
16.O-O Ne7 17.Nxe7+ Qxe7 18.Nb4 Rb6 19.f4 f5 20.Bd5 a5 21.Bxe6+ Qxe6 22.Nd5 Rb7
23.Qd2 Kh8 24.a3 Qc8 25.Rad1 Qc4 26.Rf2 Bh6 27.Ne3 Qe4 28.Qxd6 Qxe3 29.Qxh6 Rg7
30.Qd6 Re8 31.fxe5 Qxe5 32.Qd5 Rg5 33.Kf1 Kg7 34.Qf3 Qe4 35.Rd5 Re5 36.Qxe4 fxe4
37.Rxe5 Rxe5 38.Ke2 b4 39.axb4 axb4 40.c4 Rc5 41.b3 Ra5 42.Ke3  1-0

[Event "ESP-chTa"]
[Site "Spain"]
[Date "1995.??.??"]
[Round "1"]
[White "Illescas Cordoba, Miguel"]
[Black "Palacios Perez, Manuel"]
[Result "1-0"]
[WhiteElo "2620"]
[BlackElo "2145"]

1.d4 Nf6 2.c4 g6 3.g3 Bg7 4.Bg2 O-O 5.Nc3 d6 6.Nf3 Nc6 7.O-O a6 8.d5 Na5
9.Nd2 c5 10.Qc2 e5 11.Rb1 Nd7 12.e4 Rb8 13.a3 b6 14.b3 Qc7 15.Nd1 Nb7 16.Ne3 Nd8
17.Nf3 Nf6 18.Nh4 Ng4 19.Nxg4 Bxg4 20.Be3 f6 21.Rfc1 Nf7 22.Qd2 Rb7 23.b4 Bd7
24.Bf1 Rfb8 25.Rc2 Bf8 26.Rcb2 Be7 27.Bd3 Bd8 28.Qd1 Be7 29.f3 Bf8 30.Qd2 Be7
31.Ng2 Kg7 32.Qd1 Kh8 33.h4 Bf8 34.Bf2 Kg7 35.Ne3 Be7 36.Qb3 Bc8 37.Kh2 Bd8
38.Qc2 Qd7 39.Bf1 Be7 40.Nd1 Kh8 41.Bg1 Kg7 42.Be3 Qc7 43.bxc5 bxc5 44.Rxb7 Rxb7
45.Rxb7 Qxb7 46.Bh3 Bxh3 47.Kxh3 Qd7+ 48.Kg2 f5 49.Nf2 Bf6 50.Qb3 Bd8 51.Bd2 Bf6
52.Qc2 Bd8 53.Bc3 Bf6 54.h5 Ng5 55.Bd2 fxe4 56.h6+ Kxh6 57.Bxg5+ Bxg5 58.Nxe4 Be7
59.Qb3 Kg7 60.Qb6 Qa4 61.Qc7 Kf8 62.Qc8+ Kg7 63.Qe6 Bf8 64.Kh3 Qd1 65.Nf6 Qf1+
66.Kh4 Qxc4+ 67.g4 Kh6 68.Qg8  1-0

[Event "ESP-chTa"]
[Site "Spain"]
[Date "1995.??.??"]
[Round "2"]
[White "Vila, Aurelio"]
[Black "Illescas Cordoba, Miguel"]
[Result "0-1"]
[WhiteElo "2290"]
[BlackElo "2620"]

1.c4 e5 2.Nc3 Bb4 3.d3 Bxc3+ 4.bxc3 d6 5.g3 Ne7 6.Bg2 O-O 7.Ba3 Nbc6 8.Rb1 b6
9.Nf3 Bd7 10.O-O Qc8 11.e4 Qa6 12.Qb3 Na5 13.Qb2 c5 14.Nd2 Rad8 15.Rbd1 h6
16.Rfe1 Nac6 17.Nf1 f5 18.exf5 Nxf5 19.Rd2 Kh8 20.Qb3 Na5 21.Qb2 Bc6 22.Bxc6 Nxc6
23.Ne3 Nxe3 24.Rxe3 e4 25.Rxe4 Ne5 26.Rd1 Nf3+ 27.Kg2 Ng5 28.Qb3 Qc8 29.f4 Nxe4
30.dxe4 Qg4 31.Qc2 Rxf4  0-1

[Event "ESP-chTa"]
[Site "Spain"]
[Date "1995.??.??"]
[Round "4"]
[White "Fernandez Garcia, Jose L"]
[Black "Illescas Cordoba, Miguel"]
[Result "0-1"]
[WhiteElo "2445"]
[BlackElo "2620"]

1.d4 f5 2.g3 Nf6 3.Bg2 g6 4.Nf3 Bg7 5.O-O O-O 6.c3 Kh8 7.Nbd2 Nc6 8.Nc4 e6
9.Bg5 Qe8 10.Nfe5 Nd8 11.Nd3 d6 12.Nf4 Ng8 13.Bxd8 Qxd8 14.Qb3 c6 15.Rad1 Qc7
16.Nd2 e5 17.dxe5 dxe5 18.Ne6 Bxe6 19.Qxe6 e4 20.Nc4 Rad8 21.Rxd8 Rxd8 22.Ne3 Bh6
23.Nc4 Bg7 24.Ne3 b5 25.Rd1 Rxd1+ 26.Nxd1 Qd8 27.Ne3 Qd2 28.Qxc6 Qxb2 29.Nd5 Qxa2
30.e3 a5 31.Bf1 a4 32.Qxb5 Qb3 33.Bc4 Qxb5 34.Bxb5 a3 35.Bc4 Nh6 36.h3 Nf7
37.Ba2 Ne5 38.Kf1 Nd3 39.Bb1 Bf8 40.c4 Bb4 41.c5 Bxc5 42.Nc3 Nc1 43.Na2 Nxa2
44.Bxa2 g5 45.Ke2 Kg7 46.Ke1 Kf6 47.Ke2 Be7 48.Bg8 g4 49.hxg4 fxg4 50.Kd1 h5
51.Kd2 Ke5 52.Bf7 h4 53.gxh4 Bxh4 54.Ke2 Kd6 55.Bg8 Kc5  0-1

[Event "Catalunya-chT"]
[Site "Catalunya"]
[Date "1996.??.??"]
[Round "?"]
[White "De la Riva Aguado, Oscar"]
[Black "Illescas Cordoba, Miguel"]
[Result "0-1"]
[WhiteElo "2470"]
[BlackElo "2635"]

1.e4 c5 2.c3 d5 3.exd5 Qxd5 4.d4 Nf6 5.Nf3 Bg4 6.Be2 e6 7.h3 Bh5 8.O-O Nc6
9.Na3 cxd4 10.Nb5 Rc8 11.Nfxd4 Bxe2 12.Qxe2 Nxd4 13.Nxd4 Be7 14.Rd1 a6 15.Nb3 Qf5
16.Be3 Nd5 17.Bd2 Bf6 18.Na5 Rc7 19.c4 Nf4 20.Qe3 g5 21.Bb4 Be7 22.Qb6 Qe4
23.f3 Qe2 24.Rd2 Qxd2 25.Bxd2 Bc5+ 26.Qxc5 Rxc5 27.Nxb7 Rc6 28.Bb4 Rb6 29.Nd6+ Kd7
30.Nxf7 Rxb4 31.Nxh8 Ke7 32.g3 Ne2+ 33.Kf2 Rxb2 34.Ke3 Nxg3 35.Rg1 Nf5+ 36.Kd3 Rb8  0-1

[Event "Leon"]
[Site "Leon"]
[Date "1996.??.??"]
[Round "4"]
[White "Leko, Peter"]
[Black "Illescas Cordoba, Miguel"]
[Result "1/2-1/2"]
[WhiteElo "2625"]
[BlackElo "2635"]

1.e4 c5 2.Nf3 Nc6 3.d4 cxd4 4.Nxd4 Qc7 5.Nc3 e6 6.g3 a6 7.Bg2 Nf6 8.O-O Bc5
9.Nxc6 dxc6 10.Na4 Ba7 11.c4 b5 12.e5 Nd7 13.cxb5 axb5 14.Nc3 Ba6 15.Re1 O-O
16.Bf4 Nc5 17.Ne4 Rad8 18.Qh5 Nxe4 19.Bxe4 g6 20.Qh6 Bd4 21.Bg5 Bxe5 22.Bxd8 Rxd8
23.Rad1 c5 24.Rxd8+ Qxd8 25.Qe3 Bd4 26.Rd1 b4 27.b3 Kg7 28.Bf3 Qf6 29.Qe4 e5
30.Kg2 Bc8 31.Qc6 Be6 32.Rd2 Qg5 33.Rc2 Qd8 34.Qb7 h5 35.h4 Qd6 36.Qc6 Qd8
37.Qb7 Bc3 38.Qc6 Qd3 39.Be4 Qd4 40.Bf3 Bf5 41.Re2 Be6 42.Re4 Qd2 43.Re2 Qd3
44.Re3 Qd2  1/2-1/2

[Event "ESP-chT"]
[Site "Oropesa del Mar"]
[Date "1996.??.??"]
[Round "3"]
[White "Rogers, Ian"]
[Black "Illescas Cordoba, Miguel"]
[Result "1/2-1/2"]
[WhiteElo "2575"]
[BlackElo "2640"]

1.e4 c5 2.Nf3 Nc6 3.d4 cxd4 4.Nxd4 e5 5.Nb5 d6 6.c4 Be7 7.Be2 a6 8.N5c3 Bg5
9.Nd2 Nge7 10.O-O O-O 11.b3 Nd4 12.Bb2 Be6 13.Nf3 Nxf3+ 14.Bxf3 Rc8 15.Qd3 Qc7
16.Rfd1 Rfd8 17.Qe2 Nc6 18.Nd5 Bxd5 19.Rxd5 Rb8 20.Qe1 Bf6 21.Be2 Nd4 22.Bxd4 exd4
23.Bd3 Re8 24.f4 Re6 25.Qa5 Qxa5 26.Rxa5 Bd8 27.Rd5 Bb6 28.b4 g6 29.a4 Rbe8
30.g3 Kf8 31.Rb1 Ra8 32.Kg2 Rc8 33.g4 Ke7 34.h4 f6 35.g5 Rf8 36.c5 Bc7 37.cxd6+ Rxd6
38.Rxd6 Bxd6 39.gxf6+ Rxf6 40.e5 Rxf4 41.exd6+ Kxd6 42.Kg3 Rf7 43.Rf1 Re7
44.Kg4 Re3 45.Rf3 Re1 46.Kg5 Ke5 47.Kh6 Rh1 48.Kxh7 g5 49.Rf5+ Kd6 50.Rxg5 Rxh4+
51.Kg7 Rh3 52.Bc4 Ra3 53.a5 Kc7 54.Rc5+ Kb8 55.Be6 b6 56.Rd5 bxa5 57.bxa5 d3
58.Kf6 d2 59.Bg4 Kc7 60.Rc5+ Kd6 61.Rc2 Rxa5 62.Rxd2+ Rd5 63.Ra2 a5 64.Be6 Rh5
65.Bf5 Kc5 66.Rxa5+ Kd4 67.Ra4+ Kd5 68.Be6+ Kc6 69.Ra8 Rh6+ 70.Ke5 Rh5+ 71.Bf5 Kc5
72.Rc8+ Kb4 73.Ke4 Rh4+ 74.Kd3 Rh5 75.Be4 Rh3+ 76.Kd4 Rh4 77.Rb8+ Ka4 78.Kd5 Ka3
79.Bd3 Rb4 80.Rh8 Rg4 81.Bc4 Kb4 82.Be2 Rg7 83.Rb8+ Kc3 84.Rc8+ Kd2 85.Bf3 Ke3
86.Rc3+ Kd2 87.Ra3 Rd7+ 88.Kc4 Rc7+ 89.Kd4 Rd7+ 90.Bd5 Rd8 91.Ra2+ Kd1 92.Ke4 Kc1
93.Bc4 Rd2 94.Ra8 Rd7 95.Bd3 Kb2 96.Rb8+ Kc3 97.Rc8+ Kb4 98.Bc4 Rh7 99.Be6 Rh4+
100.Kd5 Rh5+ 101.Kd6 Rh6 102.Rc4+ Ka3 103.Rc3+ Kb2 104.Rg3 Kc2 105.Ke5 Rh8
106.Bf5+ Kd2 107.Ra3 Re8+ 108.Kf4 Rf8 109.Rd3+ Kc1 110.Rd5 Kb2 111.Ke3 Kc3
112.Be4 Rh8 113.Rc5+ Kb4 114.Kd4 Rh4 115.Rc1 Kb5 116.Rb1+  1/2-1/2

[Event "ESP-chT"]
[Site "Oropesa del Mar"]
[Date "1996.??.??"]
[Round "5"]
[White "Gulko, Boris F"]
[Black "Illescas Cordoba, Miguel"]
[Result "1-0"]
[WhiteElo "2615"]
[BlackElo "2640"]

1.c4 Nf6 2.Nc3 e5 3.Nf3 Nc6 4.g3 Bb4 5.Bg2 O-O 6.O-O e4 7.Ng5 Bxc3 8.bxc3 Re8
9.f3 e3 10.dxe3 h6 11.Nh3 Ne5 12.e4 Nxc4 13.Qd4 Ne5 14.c4 d6 15.Nf4 b6 16.Nd5 c5
17.Qc3 Nxd5 18.cxd5 b5 19.f4 b4 20.Qc2 Nd7 21.e5 dxe5 22.fxe5 Nxe5 23.d6 Ba6
24.Bxa8 Qxa8 25.Bb2 Qc6 26.Bxe5 Rxe5 27.Rad1 Bc8 28.Qd3 Bd7 29.Qf3 Qxf3 30.exf3 Kf8
31.f4 Re2 32.Rfe1 Rxe1+ 33.Rxe1 Be6 34.Re5 g6 35.Rxc5 Ke8 36.Ra5 Kd7 37.Ra6 Bc4
38.Rxa7+ Kxd6 39.Kf2 Kc5 40.Ke3 Bd5 41.Ra5+ Kc4 42.a3  1-0

[Event "ESP-chT"]
[Site "Oropesa del Mar"]
[Date "1996.??.??"]
[Round "8"]
[White "Galiana, Juan Ramon"]
[Black "Illescas Cordoba, Miguel"]
[Result "0-1"]
[WhiteElo "2215"]
[BlackElo "2640"]

1.e4 c5 2.Nf3 Nc6 3.d4 cxd4 4.Nxd4 Qc7 5.Nc3 e6 6.Be2 a6 7.O-O Nf6 8.Kh1 Be7
9.f4 d6 10.Bf3 Bd7 11.Nb3 Rc8 12.Be3 b5 13.a3 b4 14.axb4 Nxb4 15.Rf2 O-O
16.Rd2 Bc6 17.Nd4 Bb7 18.f5 e5 19.Nb3 h6 20.Ra4 Nc6 21.Be2 Ra8 22.Bc4 Nb8
23.Nd5 Bxd5 24.Bxd5 Nxd5 25.Rxd5 Nd7 26.Rda5 Nf6 27.Qd3 Rfc8 28.c3 Rab8 29.Qd1 Qb7
30.Rb4 Qc6 31.Raa4 Rxb4 32.Rxb4 Nxe4 33.Na5 Qc7 34.Qa4 Nc5 35.Bxc5 dxc5 36.Rb7 Qd8
37.Rd7 Qe8 38.Nc4 Kh7 39.f6 gxf6 40.h3 Kh8 41.Nb6 Rd8 42.Qg4 Rxd7 43.Nxd7 Qg8
44.Qe2 Qg5 45.Qf2 e4  0-1

[Event "Pamplona9596"]
[Site "Pamplona"]
[Date "1996.??.??"]
[Round "?"]
[White "Ljubojevic, Ljubomir"]
[Black "Illescas Cordoba, Miguel"]
[Result "1/2-1/2"]
[WhiteElo "2600"]
[BlackElo "2620"]

1.e4 c5 2.Nf3 e6 3.d4 cxd4 4.Nxd4 Nf6 5.Nc3 Nc6 6.Ndb5 d6 7.Bf4 e5 8.Bg5 a6
9.Na3 b5 10.Bxf6 gxf6 11.Nd5 Bg7 12.c3 f5 13.exf5 Bxf5 14.Nc2 O-O 15.a4 Be6
16.axb5 axb5 17.Rxa8 Qxa8 18.Nc7 Qa2 19.Bxb5 Qxb2 20.O-O Bb3 21.Qxd6 Qxc3
22.Nd5 Bxd5 23.Qxd5 Qxc2 24.Bxc6 Kh8 25.g3 f5 26.Bd7 Qb2 27.Rd1 Qb6 28.Ra1 Qf6
29.Ra8 Rxa8 30.Qxa8+ Bf8 31.Qc8 f4 32.Bc6 fxg3 33.hxg3 Qe7 34.Bd5 Qg7 35.Qe6 Bc5
36.Kg2 Be7 37.Kf1 Bf8 38.Kg2 Be7 39.Kf1 Bf8 40.Kg2 Be7 41.Kg1 Bf8 42.Kf1 Be7
43.Kg2 Bf8 44.Kf3 Bc5 45.Ke2 Be7 46.g4 Bf8 47.Qc8 h6 48.Qe6 Qg5 49.f3 Qg7
50.Qf5 Be7 51.Be4 Kg8 52.Qc8+ Bf8 53.Qe6+ Kh8 54.Qf5 Be7  1/2-1/2

[Event "Pamplona9596"]
[Site "Pamplona"]
[Date "1996.??.??"]
[Round "?"]
[White "Magem Badals, Jorge"]
[Black "Illescas Cordoba, Miguel"]
[Result "1/2-1/2"]
[WhiteElo "2560"]
[BlackElo "2620"]

1.e4 e5 2.Nf3 Nf6 3.d4 Nxe4 4.Bd3 d5 5.Nxe5 Nd7 6.Nxd7 Bxd7 7.O-O Qh4 8.Nc3 Nxc3
9.bxc3 Bd6 10.Re1+ Kf8 11.g3 Qg4 12.Be2 Qf5 13.c4 dxc4 14.Bxc4 h5 15.h4 Re8
16.Rxe8+ Bxe8 17.Be3 b5 18.Qd3 Qxd3 19.Bxd3 b4 20.Bd2 f6 21.a3 bxa3 22.c4 Be7
23.Bc1 a5 24.Bxa3 a4 25.Bc2 Bf7 26.Bxa4 g5 27.Bxe7+ Kxe7 28.Re1+ Kd8 29.hxg5 fxg5
30.d5 Bg6 31.Re5 g4 32.c5 Rf8 33.Rg5 Rf6 34.Bc6  1/2-1/2

[Event "Pamplona9596"]
[Site "Pamplona"]
[Date "1996.??.??"]
[Round "?"]
[White "Izeta Txabarri, Felix"]
[Black "Illescas Cordoba, Miguel"]
[Result "1-0"]
[WhiteElo "2495"]
[BlackElo "2620"]

1.d4 f5 2.g3 Nf6 3.Bg2 g6 4.Nh3 Bg7 5.Nf4 d6 6.d5 c6 7.Nc3 g5 8.dxc6 Nxc6
9.Nd3 h6 10.e4 fxe4 11.Nxe4 Bf5 12.Nxf6+ Bxf6 13.h4 Rg8 14.hxg5 hxg5 15.c3 Qa5
16.O-O O-O-O 17.a4 Kb8 18.Be3 Qa6 19.Nb4 Nxb4 20.cxb4 d5 21.b5 Qd6 22.a5 Bxb2
23.Ra2 Bc3 24.a6 b6 25.Bd4 Bxd4 26.Qxd4 e6 27.Re1 Rc8 28.Rd2 g4 29.Rdd1 Qc7
30.Re5 Rgf8 31.Rxd5 Qc4 32.Qg7 Qc7 33.Rd7 Rfd8 34.Bc6 e5 35.Rxc7 Rxd1+ 36.Kg2 Rxc7
37.Qxe5 Bc8 38.Be4 Rd7 39.Kg1 Rd2 40.Kg2 Bd7 41.Kf1 Bc8 42.Ke1 Rd7 43.f3 gxf3
44.Kf2 Rd8 45.Bxf3 Rd2+ 46.Ke3 Rd7 47.Be4 Rd8 48.Kf3 Rf8+ 49.Kg2 Rd8 50.g4 Bxg4
51.Qg5 Rf8 52.Qd5 Rcf7 53.Qd6+  1-0

[Event "Yerevan ol (Men)"]
[Site "Yerevan"]
[Date "1996.??.??"]
[Round "9"]
[White "Azmaiparashvili, Zurab"]
[Black "Illescas Cordoba, Miguel"]
[Result "1/2-1/2"]
[WhiteElo "2670"]
[BlackElo "2640"]

1.e4 c6 2.d4 d5 3.Nc3 dxe4 4.Nxe4 Bf5 5.Ng3 Bg6 6.Nh3 e6 7.Nf4 Bd6 8.Bc4 Nf6
9.c3 Nd5 10.Qf3 Bxf4 11.Bxf4 Nxf4 12.Qxf4 Nd7 13.h4 h6 14.O-O-O Qf6 15.Ne2 O-O-O
16.Rh3 Bf5 17.g4 g5 18.Qf3 h5 19.gxf5 g4 20.Qf4 gxh3 21.fxe6 fxe6 22.Qxf6 Nxf6
23.Bxe6+ Kc7 24.Bxh3 Rde8 25.Nf4 Rhg8 26.Bf5  1/2-1/2

[Event "Zaragoza op"]
[Site "Zaragoza"]
[Date "1996.??.??"]
[Round "1"]
[White "Franco Ocampo, Zenon"]
[Black "Illescas Cordoba, Miguel"]
[Result "1-0"]
[WhiteElo "2470"]
[BlackElo "2635"]

1.d4 Nf6 2.Nf3 d5 3.c4 c6 4.e3 g6 5.Nc3 Bg7 6.Bd3 O-O 7.O-O dxc4 8.Bxc4 Bg4
9.h3 Bxf3 10.Qxf3 Nbd7 11.Rd1 Qa5 12.e4 e5 13.d5 Nb6 14.Bb3 cxd5 15.exd5 Rfe8
16.Bg5 e4 17.Qf4 Nbd7 18.Qd2 Qb4 19.d6 b5 20.Qf4 Re5 21.Nd5 Nxd5 22.Rxd5 Rf8
23.Be7 Rc8 24.Rxe5  1-0

[Event "Zaragoza op"]
[Site "Zaragoza"]
[Date "1996.??.??"]
[Round "3"]
[White "Nikcevic, Nebojsa"]
[Black "Illescas Cordoba, Miguel"]
[Result "1/2-1/2"]
[WhiteElo "2485"]
[BlackElo "2635"]

1.Nf3 Nf6 2.c4 e6 3.Nc3 Bb4 4.g3 O-O 5.Bg2 d5 6.a3 Be7 7.d3 c5 8.O-O Nc6
9.e3 a6 10.b3 b5 11.d4 cxd4 12.Nxd4 Bb7 13.Nxc6 Bxc6 14.cxd5 Nxd5 15.Nxd5 Bxd5
16.Bxd5 exd5 17.Bb2 Qd7 18.Qd3 Rfd8 19.Rfd1 Qe6 20.Rac1 h5 21.h4 Qg4 22.Qd4 Qxd4
23.Rxd4 Bf6 24.Rd2 Bxb2 25.Rxb2 d4 26.exd4 Rxd4 27.Kg2  1/2-1/2

[Event "Zaragoza op"]
[Site "Zaragoza"]
[Date "1996.??.??"]
[Round "5"]
[White "Foisor, Ovidiu"]
[Black "Illescas Cordoba, Miguel"]
[Result "1/2-1/2"]
[WhiteElo "2475"]
[BlackElo "2635"]

1.c4 Nf6 2.Nf3 c5 3.g3 d5 4.cxd5 Nxd5 5.Bg2 Nc6 6.d4 Nf6 7.Qa4 Bd7 8.dxc5 e5
9.Nc3 Bxc5 10.O-O h6 11.Qc4 Qe7 12.Nd2 a6 13.Nde4 Nxe4 14.Nxe4 Ba7 15.Be3 Bxe3
16.fxe3 O-O 17.Qc5 Bg4 18.Rac1 Rad8 19.Bf3 Qe6 20.Qa3 Bxf3 21.exf3 Qd5 22.g4 f5
23.gxf5 Rxf5 24.Qc5 Qxa2 25.Qc4+ Qxc4 26.Rxc4 Rf7 27.Kf2 Rd3 28.Rc3 Rd5 29.Rb3 Na5
30.Rb4 Rc7 31.Re1 b5 32.Re2 Rd3 33.Ng3 Nc4 34.Ne4 Nb6 35.Ng3 Rc4 36.Rxc4 Nxc4
37.Ne4 a5 38.Nc5 Rd5 39.Ne4 Rd3 40.Nc5 Rd1 41.b3 Nd2 42.e4 g5 43.h3 Kf7 44.Ke3 Nf1+
45.Kf2 Nd2 46.Ke3 Nf1+ 47.Kf2 Ke7 48.Ra2 Rd2+ 49.Rxd2 Nxd2 50.Ke2 Nb1 51.Kd3 h5
52.Kc2 Na3+ 53.Kd3 b4 54.Nb7 Nb5 55.Nxa5 Nd4 56.Ke3 Ke6 57.Kf2 Ke7 58.Kg3 Kd6
59.Nc4+ Ke6 60.Na5 Ne2+ 61.Kh2 Nf4 62.Kg3 h4+ 63.Kg4 Kf6 64.Nc6 Nd3 65.Kh5 Nf4+
66.Kg4 Nd3  1/2-1/2

[Event "Zaragoza op"]
[Site "Zaragoza"]
[Date "1996.??.??"]
[Round "6"]
[White "Illescas Cordoba, Miguel"]
[Black "Ivanov, Mikhail M"]
[Result "1-0"]
[WhiteElo "2635"]
[BlackElo "2375"]

1.d4 Nf6 2.c4 g6 3.g3 Bg7 4.Bg2 O-O 5.Nc3 d6 6.Nf3 Nbd7 7.O-O a6 8.h3 e5
9.Qc2 exd4 10.Nxd4 Nb6 11.Qd3 Nfd7 12.b3 Qf6 13.e3 Ne5 14.Qc2 c5 15.Nde2 Nf3+
16.Kh1 g5 17.Bb2 Nd7 18.Rad1 Nde5 19.Nd5 Qd8 20.Ng1 g4 21.hxg4 Bxg4 22.Nxf3 Nxf3
23.Bxg7 Kxg7 24.Qe2 Ne5 25.f3 Be6 26.Kg1 h5 27.Nf4 Rh8 28.Qd2 b5 29.Qxd6 Qxd6
30.Rxd6 bxc4 31.Nxe6+ fxe6 32.f4 Nf7 33.Rxe6 Rae8 34.Bd5 cxb3 35.axb3 Rxe6
36.Bxe6 Re8 37.Bxf7 Kxf7 38.Kf2 Rb8 39.Ra1 Rb6  1-0